000 00538nam a2200169Ia 4500
999 _c21832
_d21832
003 OSt
005 20200609123820.0
008 190216s9999||||xx |||||||||||||| ||und||
020 _a9781846841644
040 _coclc
082 _a363.325
_bFOT/T
100 _aFotion, Nicholas
_92676
245 0 _aTerrorism The New World Disorder /
_cNicholas Fotion ; Boris Kashnikov ; Joanne K Lekea
260 _bViva-Continuam Edition,
_c2008.
_aLondon:
300 _a187p
942 _cBK
_2ddc
_h363.325
_iFOT/T
_k363.325
_mFOT/T